• 首页
  • 本馆介绍
  • 公告通知
  • 最新文献
  • 馆藏检索
  • 电子资源
  • 读者导购
  • 参考咨询
  • 我的图书馆
  • 登录
  • 详细信息显示
  • 放入我的书架
  • 预约/预借图书
  • 作者相关作品
  • 分类相关作品
  • 丛书相关作品
  • 出版社相关作品

书目信息

  • 表格格式
  • 工作单格式
  • 卡片格式
题名:
Java程序设计任务驱动式教程
    
 
作者: 孙修东 , 王永红 主编
分册:  
出版信息: 北京   北京航空航天大学出版社  2016.2
页数: 347页
开本: 26cm
丛书名:
单 册:
中图分类: TP312JA-43
科图分类:
主题词: JAVA语言--程序设计--高等职业教育--教材
电子资源:
ISBN: 978-7-5124-2045-8
000 01036nam0 2200277 450
001 0400003023
005 20171026101323.35
010    @a978-7-5124-2045-8@dCNY45.00
100    @a20160302d2016 em y0chiy50 ea
101 0  @achi
102    @aCN@b110000
105    @ay az 000yy
106    @ar
200 1  @aJava程序设计任务驱动式教程@9Java cheng xu she ji ren wu qu dong shi jiao cheng@b专著@f孙修东,王永红主编
205    @a第3版
210    @a北京@c北京航空航天大学出版社@d2016.2
215    @a347页@d26cm
300    @a高职高专“十三五”规划教材
320    @a有书目(第347页)
330    @a本书分为29项任务,采用行业流行的Eclipse作为开发工具进行讲解,内容主要包括Java开发环境、Java语言基础、面向对象程序设计、GUI程序设计、Applet、异常处理、数据库操作、文件操作、多线程和网络编程等。
606 0  @aJAVA语言@x程序设计@x高等职业教育@j教材
690    @aTP312JA-43@v5
701  0 @a孙修东@9Sun Xiu Dong@4主编
701  0 @a王永红@9WANG YONG HONG@4主编
801  0 @aCN@b91MARC@c20171021
905    @b1035426-30@dTP312JA-43@f5@e1199=3
    
    Java程序设计任务驱动式教程/孙修东,王永红主编.-第3版.-北京:北京航空航天大学出版社,2016.2
    347页;26cm
    高职高专“十三五”规划教材
    
    ISBN 978-7-5124-2045-8:CNY45.00
    本书分为29项任务,采用行业流行的Eclipse作为开发工具进行讲解,内容主要包括Java开发环境、Java语言基础、面向对象程序设计、GUI程序设计、Applet、异常处理、数据库操作、文件操作、多线程和网络编程等。
●
相关链接 在E读中查询图书 在五车中查询图书 在当当中查询图书 在豆瓣中查询图书


正题名:Java程序设计任务驱动式教程     索取号:TP312JA-43/1199=3         预约/预借

序号 登录号 条形码 馆藏地/架位号 状态 备注
1 1035426   210354267   第二样本阅览室/ [索取号:TP312JA-43/1199=3] 在馆    
2 1035427   210354276   密集书库—计算机科学学院/ [索取号:TP312JA-43/1199=3] 在馆    
3 1035428   210354285   第三借阅区/ [索取号:TP312JA-43/1199=3] 在馆    
4 1035429   210354294   第三借阅区/ [索取号:TP312JA-43/1199=3] 在馆    
5 1035430   210354301   第三借阅区/ [索取号:TP312JA-43/1199=3] 在馆    
唐山师范学院图书馆 欢迎您!
大连网信软件有限公司© 版权所有